000 00454nam a2200181Ia 4500
001 29033
008 140415s9999 xx 000 0 und d
020 _a0-074-71175-X
040 _cPK-LaUMT
082 _a 657.046
_bWIL-W
100 _aDavid Willis
245 _aWorkbook to accompany applications for financial accounting
260 _aBoston,USA:
_bMcGraw-Hill,
_c2003
300 _a252 p.
546 _aEN
650 _aAccounting
942 _cBK
999 _c29108
_d29108